| 000 | 01587cam a2200349 a 4500 | ||
|---|---|---|---|
| 001 | 13122903 | ||
| 003 | NUST-PNEC | ||
| 005 | 20170116180713.0 | ||
| 008 | 030313s2003 nyua fb 001 0 eng | ||
| 010 | _a 2003046353 | ||
| 020 | _a0071402144 | ||
| 040 |
_aDLC _cPNEC _dDLC |
||
| 050 | 0 | 0 |
_aTK7836 _b.E4654 2003 |
| 082 | 0 | 0 | _a621.381 HAR |
| 100 |
_9612 _aHarper Charles A. |
||
| 245 | 0 | 0 |
_aElectronic materials and processes handbook / _cCharles A. Harper, editor in chief. |
| 250 | _a3rd ed. | ||
| 260 |
_aNew York : _bMcGraw-Hill, _c2003. |
||
| 300 |
_a1 v. (various pagings) : _bill. ; _c25 cm. |
||
| 440 | 0 | _aMcGraw-Hill handbooks | |
| 500 | _ahttp://www.amazon.com/Electronic-Materials-Processes-Handbook/dp/0071402144/ref=sr_1_1?s=books&ie=UTF8&qid=1413374970&sr=1-1&keywords=0071402144 | ||
| 504 | _aIncludes bibliographical references and index. | ||
| 650 | 0 |
_aElectronics _xMaterials - EL _vHandbooks, manuals, etc. |
|
| 650 | 0 |
_aElectronic apparatus and appliances _xMaterials _vHandbooks, manuals, etc. |
|
| 700 | 1 | _aHarper, Charles A. | |
| 856 | 4 | 2 |
_3Contributor biographical information _uhttp://www.loc.gov/catdir/bios/mh041/2003046353.html |
| 856 | 4 | 2 |
_3Publisher description _uhttp://www.loc.gov/catdir/description/mh031/2003046353.html |
| 856 | 4 | 1 |
_3Table of contents _uhttp://www.loc.gov/catdir/toc/mh031/2003046353.html |
| 906 |
_a7 _bcbc _corignew _d1 _eocip _f20 _gy-gencatlg |
||
| 942 |
_2ddc _cBK |
||
| 999 |
_c61049 _d61049 |
||